Comparative evaluation of financial performance of public and private sector banks in India (Record no. 357719)

MARC details
000 -LEADER
fixed length control field 00523nam a2200193 4500
005 - DATE & TIME
control field 20241021103647.0
008 - FIXED-LENGTH DATA ELEMENTS--GENERAL INFORMATION
fixed length control field 241021b |||||||| |||| 00| 0 eng d
020 ## - ISBN
International Standard Book Number X
Price [n.p.]
040 ## - CATALOGING SOURCE
Original cataloging agency VIVEKANANDA LIBRARY
082 ## - DDC NUMBER
Classification number 381
Book Number K527C
100 ## - MAIN ENTRY--PERSONAL NAME
Personal name Khasa, Garima
245 ## - TITLE STATEMENT
Title Comparative evaluation of financial performance of public and private sector banks in India
260 ## - PUBLICATION, DISTRIBUTION, ETC. (IMPRINT)
Name of publisher, distributor, etc Dept. of Commerce, M D University, Rohtak
Date of publication, distribution, etc 2018
300 ## - PHYSICAL DESCRIPTION
Pages 174
650 ## - Subject
Subject Commerce
700 ## - Added Entry Personal Name
Added Entry Personal Name Tilak Raj
942 ## - ADDED ENTRY ELEMENTS (KOHA)
Koha item type Thesis
Holdings
Withdrawn status Lost status Source of classification or shelving scheme Damaged status Not for loan Location (home branch) Sublocation or collection (holding branch) Shelving location Date acquired Koha issues (times borrowed) Koha full call number Accession No. Koha date last seen Copy number Koha item type
    Dewey Decimal Classification     VIVEKANANDA LIBRARY VIVEKANANDA LIBRARY Vivekananda Library 21/10/2024   381 K527C 410416 21/10/2024 R Thesis
© Designed and Maintained by Vivekananda Library, MDU Rohtak